00382nam a2200157Ia 4500001000500000005001700005008004100022041000800063082001500071100003300086245005200119260000900171300002800180650000800208654000800216850120260306160614.0260306t2006||||xx |||||||||||||| ||spa|| aESP a371.1bO69 aOrna Sánchez, OswaldoeAUT 0aEtica y deontología del docente universitario c2006 a147 páginas :c20 cm. aGEN aCED